Đố tục, đố thanh, giai thoại câu đối

Salvato in:
Dettagli Bibliografici
Autore principale: Phan Huy Đông
Natura: Libro
Lingua:Undetermined
Pubblicazione: H. VHDT 2002
Soggetti:
Tags: Aggiungi Tag
Nessun Tag, puoi essere il primo ad aggiungerne! !
Thư viện lưu trữ: Trung tâm Học liệu Trường Đại học Cần Thơ
LEADER 00483nam a2200181Ia 4500
001 CTU_54946
008 210402s9999 xx 000 0 und d
020 |b 21000 
082 |a 398.2 
082 |b Đ455 
100 |a Phan Huy Đông 
245 0 |a Đố tục, đố thanh, giai thoại câu đối 
245 0 |c Phan Huy Đông 
260 |a H. 
260 |b VHDT 
260 |c 2002 
650 |a folk literature 
980 |a Trung tâm Học liệu Trường Đại học Cần Thơ